000 01073nam a22002297a 4500
003 NALT
005 20250114092213.0
008 s2558 th tha d
020 _a9789744667793
040 _aNALT
041 _atha
050 _aDS 575.5.R8
_bร193 2558
245 0 0 _a100 ปี ความสัมพันธ์สยาม-รัสเซีย :
_bคำแปลเอกสารประวัติศาสตร์.
260 _aกรุงเทพฯ :
_bมหาวิทยาลัยธรรมศาสตร์,
_c2558.
300 _a264 หน้า :
_bภาพประกอบ ;
_c21 ซม.
651 4 _917956
_aรัสเซีย
_xความสัมพันธ์กับต่างประเทศ
_zไทย
651 4 _94350
_aไทย
_xประวัติศาสตร์
651 4 _917953
_a ไทย
_xความสัมพันธ์กับต่างประเทศ
_zรัสเซีย
850 _aNALT
942 _cGB
_2lcc
996 _asaiphon.d
_bCATSTF
_c2025-01-14
999 _c73549
_d73549
998 _j104
_k นางสาวสายฝน ดีงาม